[Event "NOR-chB"]
[Site "Oslo"]
[Date "2015.07.06"]
[Round "3"]
[White "Smeby, Ole"]
[Black "Haug, Marianne Wold"]
[Result "1-0"]
[WhiteElo "1781"]
[BlackElo "2056"]
[PlyCount "225"]
[EventDate "2015.07.04"]
[EventType "swiss"]
[EventRounds "9"]
[EventCountry "NOR"]
[SourceTitle "EXT 2017"]
[Source "ChessBase"]
[SourceDate "2016.10.25"]
[SourceVersion "1"]
[SourceVersionDate "2016.10.25"]
[SourceQuality "1"]

1. d4 Nf6 2. Nf3 g6 3. c4 Bg7 4. Nc3 0-0 5. e4 d6 6. Bd3 e5 7. dxe5 dxe5 8. 0-0 Re8 9. Bg5 h6 10. Be3 Bg4 11. Be2 Nc6 12. Qc1 Nd4 13. Qd2 Bxf3 14. Bxf3 Nxf3+ 15. gxf3 Qxd2 16. Bxd2 c6 17. Rfd1 Red8 18. Be3 b6 19. a4 Nd7 20. Rd6 Bf8 21. Rxc6 Nb8 22. Rc7 Na6 23. Rb7 Nc5 24. Bxc5 Bxc5 25. Nd5 Rdb8 26. Rxb8+ Rxb8 27. Nf6+ Kg7 28. Nd7 Rd8 29. Nxc5 bxc5 30. Rb1 a5 31. Kf1 Rd2 32. Ke1 Rc2 33. b3 Rc3 34. Rd1 Rxb3 35. Rd5 Rb1+ 36. Ke2 Rb2+ 37. Kf1 Rb4 38. Rxc5 Rxa4 39. Rxe5 Ra1+ 40. Kg2 Kf6 41. Rb5 a4 42. Ra5 a3 43. f4 a2 44. c5 Ke6 45. Ra7 f6 46. c6 Kd6 47. c7 Kd7 48. Kf3 Kc8 49. Ke2 h5 50. e5 fxe5 51. fxe5 Rc1 52. Rxa2 Kxc7 53. Ra7+ Kc6 54. Ra6+ Kd5 55. Rxg6 Kxe5 56. Rg5+ Kf4 57. Rxh5 Rc2+ 58. Kf1 Kf3 59. Rh3+ Kg4 60. Rg3+ Kf4 61. Kg2 Rb2 62. Rg7 Ra2 63. h3 Ra3 64. Rg4+ Kf5 65. f3 Rb3 66. h4 Ra3 67. Rg8 Ra1 68. h5 Ra6 69. Kg3 Rh6 70. Kh4 Kf6 71. Ra8 Rh7 72. Kg4 Rg7+ 73. Kf4 Rg2 74. Ra6+ Kf7 75. Kf5 Rh2 76. Ra7+ Kg8 77. Kg6 Rg2+ 78. Kf6 Rb2 79. f4 Rb6+ 80. Kg5 Rb3 81. h6 Rc3 82. f5 Rc1 83. Ra4 Kh7 84. Rf4 Rc5 85. Re4 Rc1 86. Re7+ Kg8 87. Kf6 Rc6+ 88. Kg5 Rc1 89. Re4 Kh7 90. Re7+ Kg8 91. Kg6 Rg1+ 92. Kf6 Rb1 93. h7+ Kh8 94. Rf7 Rg1 95. Re7 Ra1 96. Kf7 Kxh7 97. Kf8+ Kh6 98. f6 Kg6 99. f7 Ra8+ 100. Re8 Ra7 101. Re6+ Kh7 102. Re3 Ra8+ 103. Ke7 Ra7+ 104. Kf6 Ra6+ 105. Re6 Ra8 106. Re8 Ra6+ 107. Ke5 Ra5+ 108. Kd6 Ra6+ 109. Kc5 Ra5+ 110. Kb4 Ra1 111. f8Q Rb1+ 112. Kc3 Rc1+ 113. Kd2 1-0

[Event "NOR-chB"]
[Site "Oslo"]
[Date "2015.07.04"]
[Round "7"]
[White "Haug, Marianne Wold"]
[Black "Eckhardt, Lars H"]
[Result "1-0"]
[WhiteElo "2056"]
[BlackElo "1943"]
[PlyCount "69"]
[EventDate "2015.07.04"]
[EventType "swiss"]
[EventRounds "9"]
[EventCountry "NOR"]
[SourceTitle "EXT 2017"]
[Source "ChessBase"]
[SourceDate "2016.10.25"]
[SourceVersion "1"]
[SourceVersionDate "2016.10.25"]
[SourceQuality "1"]

1. e4 c5 2. Nf3 Nc6 3. d4 cxd4 4. Nxd4 Nf6 5. Nc3 e5 6. Ndb5 d6 7. Bg5 a6 8. Na3 b5 9. Bxf6 gxf6 10. Nd5 Bg7 11. c3 Ne7 12. Nxe7 Qxe7 13. Bd3 0-0 14. Nc2 f5 15. 0-0 Bb7 16. Re1 fxe4 17. Bxe4 d5 18. Bf5 Qg5 19. Qd3 h6 20. Rad1 Rad8 21. Qh3 d4 22. f4 Qxf4 23. Rf1 Qg5 24. Rd3 dxc3 25. Rg3 Qd2 26. Ne3 Rd6 27. bxc3 Qxc3 28. Bh7+ Kh8 29. Rxg7 e4 30. Rgxf7 Rxf7 31. Rxf7 Rd3 32. Bxe4 Rd1+ 33. Nxd1 Qd4+ 34. Qe3 Qxd1+ 35. Rf1 1-0

[Event "Mediterranean op 3rd"]
[Site "Rijeka"]
[Date "2009.11.29"]
[Round "3"]
[White "Drljevic, Ljilja"]
[Black "Haug, Marianne Wold"]
[Result "1-0"]
[WhiteElo "2218"]
[BlackElo "2005"]
[PlyCount "83"]
[EventDate "2009.11.27"]
[EventType "swiss"]
[EventRounds "9"]
[EventCountry "CRO"]
[SourceTitle "CBM 133 Extra"]
[Source "ChessBase"]
[SourceDate "2010.01.05"]
[SourceVersion "1"]
[SourceVersionDate "2010.01.05"]
[SourceQuality "1"]

1. e4 c5 2. d3 g6 3. g3 Bg7 4. Bg2 Nc6 5. Nf3 e5 6. 0-0 Nge7 7. c3 0-0 8. a3 d5 9. Nbd2 d4 10. c4 Qc7 11. Rb1 a5 12. Re1 Bh6 13. h4 Bg4 14. Nf1 Bxc1 15. Qxc1 Kh8 16. N1h2 Bd7 17. h5 Ng8 18. Nh4 Qd8 19. Bf3 Qc8 20. Be2 Qd8 21. Kg2 Nf6 22. hxg6 fxg6 23. Qh6 Qe8 24. Rh1 Qf7 25. Rbf1 Qg7 26. Qg5 Rg8 27. Ng4 Nxg4 28. Bxg4 Bxg4 29. Qxg4 Raf8 30. Nf3 Qe7 31. Ng5 h5 32. Rxh5+ gxh5 33. Qxh5+ Kg7 34. Qh7+ Kf6 35. Qf5+ Kg7 36. Ne6+ Qxe6 37. Qxe6 Rf7 38. Rh1 Kf8 39. Qd6+ Ke8 40. Rh6 Rgf8 41. Re6+ Ne7 42. f3 1-0

[Event "NOR-chT 0910"]
[Site "Norway"]
[Date "2009.11.08"]
[Round "3"]
[White "Haug, Marianne Wold"]
[Black "Stubberud, Ornulf A"]
[Result "0-1"]
[WhiteElo "2005"]
[BlackElo "2270"]
[PlyCount "62"]
[EventDate "2009.11.06"]
[EventType "team"]
[EventRounds "9"]
[EventCountry "NOR"]
[SourceTitle "EXT 2011"]
[Source "ChessBase"]
[SourceDate "2010.11.26"]
[SourceVersion "1"]
[SourceVersionDate "2010.11.26"]
[SourceQuality "1"]
[WhiteTeam "Oslo SK 1911"]
[BlackTeam "Oslo SS"]
[WhiteTeamCountry "NOR"]
[BlackTeamCountry "NOR"]

1. e4 d6 2. d4 Nf6 3. Nc3 g6 4. g3 Bg7 5. Bg2 0-0 6. Nge2 c6 7. a4 Qc7 8. 0-0 e5 9. h3 b6 10. Be3 Ba6 11. Re1 Nbd7 12. g4 exd4 13. Bxd4 h6 14. f4 Rad8 15. Ng3 d5 16. e5 Nh7 17. Qf3 Rfe8 18. h4 Nc5 19. Bf2 Bc8 20. b4 Ne6 21. b5 Bb7 22. Rad1 c5 23. f5 Nd4 24. Bxd4 cxd4 25. f6 dxc3 26. fxg7 Rxe5 27. Rxe5 Qxe5 28. Ne2 Nf6 29. Qxc3 Qxe2 30. Re1 Qxg2+ 31. Kxg2 d4+ 0-1

[Event "EU-chT (Women) 08th"]
[Site "Novi Sad"]
[Date "2009.10.27"]
[Round "6"]
[White "Haug, Marianne Wold"]
[Black "Rautanen, Sari"]
[Result "0-1"]
[WhiteElo "2205"]
[BlackElo "1993"]
[PlyCount "96"]
[EventDate "2009.10.22"]
[EventType "team-swiss"]
[EventRounds "9"]
[EventCountry "YUG"]
[SourceTitle "EXT 2010"]
[Source "ChessBase"]
[SourceDate "2010.11.25"]
[SourceVersion "1"]
[SourceVersionDate "2010.11.25"]
[SourceQuality "1"]
[WhiteTeam "Norway (W)"]
[BlackTeam "Finland (W)"]
[WhiteTeamCountry "NOR"]
[BlackTeamCountry "FIN"]

1. e4 d6 2. d4 Nf6 3. Nc3 e5 4. Nge2 Be7 5. g3 0-0 6. Bg2 c6 7. a4 a5 8. 0-0 Na6 9. h3 Qc7 10. Be3 Nb4 11. g4 Be6 12. Ng3 Bc4 13. Re1 Rfe8 14. Nf5 Bf8 15. Bg5 Nd7 16. Ne2 d5 17. dxe5 Qxe5 18. b3 Ba6 19. Ned4 Qc7 20. Qd2 Nb6 21. Bf4 Qd7 22. e5 c5 23. Nf3 d4 24. Nd6 Bxd6 25. exd6 N6d5 26. Bg3 Nc3 27. Bh2 Re2 28. Rxe2 Nxe2+ 29. Kh1 Re8 30. Re1 h6 31. Ng5 Nc3 32. Nf3 Re6 33. Rxe6 Qxe6 34. Be5 Ne4 35. Nxd4 Qxe5 36. d7 Nxd2 37. d8Q+ Kh7 38. Nf5 Qe1+ 39. Kh2 Qe5+ 40. Kh1 Ne4 41. Bxe4 Qxe4+ 42. Kg1 Nc6 43. Qf8 Qe5 44. Qxf7 Nd4 45. Nxd4 cxd4 46. h4 Qe4 47. f3 Qxc2 48. g5 Qg6 0-1

[Event "EU-chT (Women) 08th"]
[Site "Novi Sad"]
[Date "2009.10.26"]
[Round "5"]
[White "Haug, Marianne Wold"]
[Black "Houska, Jovanka"]
[Result "0-1"]
[WhiteElo "2205"]
[BlackElo "2381"]
[PlyCount "96"]
[EventDate "2009.10.22"]
[EventType "team-swiss"]
[EventRounds "9"]
[EventCountry "YUG"]
[SourceTitle "EXT 2010"]
[Source "ChessBase"]
[SourceDate "2010.11.25"]
[SourceVersion "1"]
[SourceVersionDate "2010.11.25"]
[SourceQuality "1"]
[WhiteTeam "Norway (W)"]
[BlackTeam "England (W)"]
[WhiteTeamCountry "NOR"]
[BlackTeamCountry "ENG"]

1. e4 c6 2. d4 d5 3. Nc3 dxe4 4. Nxe4 Bf5 5. Ng3 Bg6 6. h4 h6 7. Nf3 Nd7 8. h5 Bh7 9. Bd3 Bxd3 10. Qxd3 e6 11. Bf4 Qa5+ 12. Bd2 Bb4 13. c3 Be7 14. c4 Qc7 15. 0-0-0 Ngf6 16. Kb1 b5 17. c5 0-0 18. Qe2 Rfd8 19. Bc1 a5 20. Nf5 exf5 21. Qxe7 Re8 22. Qd6 Qxd6 23. cxd6 Ne4 24. Rhe1 Nxf2 25. Rxe8+ Rxe8 26. Rf1 Ne4 27. Nh4 Nxd6 28. Nxf5 Nxf5 29. Rxf5 Re1 30. a4 g6 31. hxg6 fxg6 32. Rf3 b4 33. g3 Kg7 34. Kc2 c5 35. dxc5 Nxc5 36. Re3 b3+ 37. Kd2 Rxe3 38. Kxe3 Nxa4 39. Bd2 Nxb2 40. Bc3+ Kf7 41. Bxb2 Ke6 42. Ke4 a4 43. Bc1 Kf6 44. Kf4 g5+ 45. Ke4 h5 46. Bb2+ Ke6 47. Bc1 h4 48. gxh4 gxh4 0-1

[Event "EU-chT (Women) 08th"]
[Site "Novi Sad"]
[Date "2009.10.25"]
[Round "4"]
[White "Petrovska, Katerina"]
[Black "Haug, Marianne Wold"]
[Result "0-1"]
[WhiteElo "2023"]
[BlackElo "2205"]
[PlyCount "126"]
[EventDate "2009.10.22"]
[EventType "team-swiss"]
[EventRounds "9"]
[EventCountry "YUG"]
[SourceTitle "EXT 2010"]
[Source "ChessBase"]
[SourceDate "2010.11.25"]
[SourceVersion "1"]
[SourceVersionDate "2010.11.25"]
[SourceQuality "1"]
[WhiteTeam "Macedonia (W)"]
[BlackTeam "Norway (W)"]
[WhiteTeamCountry "MKD"]
[BlackTeamCountry "NOR"]

1. d4 Nf6 2. Nf3 g6 3. Bf4 Bg7 4. e3 0-0 5. h3 b6 6. Be2 Bb7 7. 0-0 d6 8. Bh2 Nbd7 9. a4 c5 10. c3 a6 11. Nbd2 Qc7 12. b4 Rfc8 13. Qb3 cxb4 14. cxb4 Qc2 15. Ra2 Qxb3 16. Nxb3 Nd5 17. b5 Nc3 18. Rd2 Nxe2+ 19. Rxe2 Bd5 20. Rb2 axb5 21. axb5 Bc4 22. Rfb1 Bxb5 23. Nc1 Ba4 24. Nb3 b5 25. Ne1 Nb6 26. Nd3 Rc3 27. Ndc1 b4 28. Bg3 Nc4 29. Ra2 Na3 30. Rbb2 Rac8 31. Ra1 Rc2 32. Rxc2 Rxc2 33. Na5 e5 34. Nd3 exd4 35. Nxb4 d3 36. Rd1 Bc3 37. Bxd6 d2 38. Nxc2 Bxc2 39. Rxd2 Bxd2 40. Bxa3 Bxa5 41. Kf1 Bd3+ 42. Kg1 Kg7 43. Bc5 Kf6 44. Kh2 Ke5 45. f3 Kd5 46. Ba7 Bb4 47. e4+ Kc4 48. g4 Bc5 49. Bb8 Kd4 50. Kg3 Ke3 51. Bf4+ Ke2 52. Bc7 Bf2+ 53. Kf4 f6 54. Bd8 Bh4 55. Be7 Ba6 56. g5 fxg5+ 57. Bxg5 Bxg5+ 58. Kxg5 Kxf3 59. e5 Bc8 60. Kh6 Bxh3 61. Kxh7 g5 62. Kh6 Kf4 63. Kh5 Be6 0-1

[Event "EU-chT (Women) 08th"]
[Site "Novi Sad"]
[Date "2009.10.24"]
[Round "3"]
[White "Haug, Marianne Wold"]
[Black "Boric, Elena"]
[Result "0-1"]
[WhiteElo "2205"]
[BlackElo "2259"]
[PlyCount "74"]
[EventDate "2009.10.22"]
[EventType "team-swiss"]
[EventRounds "9"]
[EventCountry "YUG"]
[SourceTitle "EXT 2010"]
[Source "ChessBase"]
[SourceDate "2010.11.25"]
[SourceVersion "1"]
[SourceVersionDate "2010.11.25"]
[SourceQuality "1"]
[WhiteTeam "Norway (W)"]
[BlackTeam "Bosnia&Hercegovina (W)"]
[WhiteTeamCountry "NOR"]
[BlackTeamCountry "BIH"]

1. e4 Nf6 2. e5 Nd5 3. d4 d6 4. c4 Nb6 5. exd6 cxd6 6. Nc3 g6 7. Be3 Bg7 8. Rc1 0-0 9. b3 e5 10. dxe5 dxe5 11. Qxd8 Rxd8 12. c5 N6d7 13. Ne4 Nc6 14. Bc4 Na5 15. Bf1 h6 16. b4 Nc6 17. b5 Nd4 18. Nf3 f5 19. Ned2 b6 20. Bc4+ Kh7 21. Bd5 Nxc5 22. Bxa8 Nd3+ 23. Kd1 Nxb5 24. Bc6 Nxc1 25. Kxc1 Nc3 26. Nc4 e4 27. Nfd2 f4 28. Bxf4 Ne2+ 29. Kc2 Nxf4 30. Bxe4 Be6 31. Ne3 Bxa2 32. g3 Ne6 33. h4 Nd4+ 34. Kd1 Nb3 35. Nef1 Bc3 36. Kc2 Bxd2 37. Kb2 Nc5 0-1

[Event "Arctic Chess Challenge"]
[Site "Tromsoe"]
[Date "2009.08.09"]
[Round "9"]
[White "Haug, Marianne Wold"]
[Black "Gabaldon Gomez, Miguel Angel"]
[Result "1/2-1/2"]
[WhiteElo "1987"]
[BlackElo "2186"]
[PlyCount "81"]
[EventDate "2009.08.01"]
[EventType "swiss"]
[EventRounds "9"]
[EventCountry "NOR"]
[SourceTitle "CBM 131 Extra"]
[Source "ChessBase"]
[SourceDate "2009.09.03"]
[SourceVersion "2"]
[SourceVersionDate "2009.09.16"]
[SourceQuality "1"]

1. e4 c5 2. Nf3 e6 3. d4 cxd4 4. Nxd4 Nc6 5. Nc3 d6 6. Be2 Nf6 7. 0-0 Be7 8. Be3 0-0 9. f4 e5 10. Nxc6 bxc6 11. Kh1 exf4 12. Bxf4 Be6 13. Bf3 Qc7 14. Qe1 Nd7 15. Nd5 cxd5 16. exd5 Bxd5 17. Qxe7 Bxf3 18. Rxf3 Rfe8 19. Qxf7+ Kxf7 20. Bxd6+ Nf6 21. Bxc7 Rac8 22. Bg3 Rxc2 23. Rf2 Ree2 24. Rxe2 Rxe2 25. Rb1 Ne4 26. Be1 Ke6 27. Kg1 h5 28. Bb4 Kf5 29. Rf1+ Kg5 30. Re1 Rxe1+ 31. Bxe1 Kf4 32. g3+ Kf3 33. Bb4 g5 34. Be7 g4 35. b4 Nc3 36. a3 Ke2 37. Bf8 a6 38. Kg2 Na4 39. Bg7 Ke1 40. h3 Ke2 41. hxg4 1/2-1/2

[Event "Arctic Chess Challenge"]
[Site "Tromsoe"]
[Date "2009.08.05"]
[Round "5"]
[White "Haug, Marianne Wold"]
[Black "Fernandez, Daniel"]
[Result "0-1"]
[WhiteElo "1987"]
[BlackElo "2424"]
[PlyCount "76"]
[EventDate "2009.08.01"]
[EventType "swiss"]
[EventRounds "9"]
[EventCountry "NOR"]
[SourceTitle "CBM 131 Extra"]
[Source "ChessBase"]
[SourceDate "2009.09.03"]
[SourceVersion "2"]
[SourceVersionDate "2009.09.16"]
[SourceQuality "1"]

1. e4 c5 2. Nf3 d6 3. d4 cxd4 4. Nxd4 Nf6 5. Nc3 g6 6. Be3 Bg7 7. f3 a6 8. Qd2 Nbd7 9. 0-0-0 h5 10. Be2 b5 11. a3 Bb7 12. Rhe1 Rc8 13. Bg5 0-0 14. Kb1 Nb6 15. g4 hxg4 16. f4 Nh7 17. Bh4 Nc4 18. Bxc4 Rxc4 19. Qe3 b4 20. Nd5 Bxd5 21. exd5 bxa3 22. Nc6 Qc7 23. Bxe7 a2+ 24. Kxa2 Rc8 25. Qb3 Rc5 26. Qa3 Kh8 27. c3 a5 28. Re2 Nf6 29. Ne5 Kg8 30. Bxf6 Bxf6 31. Nxg4 Bg7 32. Qa4 Rc4 33. Re8+ Kh7 34. Qb5 Rxe8 35. Qxe8 Rxc3 36. bxc3 Qc4+ 37. Kb1 Qb3+ 38. Kc1 Qxc3+ 0-1

[Event "Arctic Chess Challenge"]
[Site "Tromsoe"]
[Date "2009.08.02"]
[Round "2"]
[White "Hansen, Knut Are"]
[Black "Haug, Marianne Wold"]
[Result "0-1"]
[WhiteElo "2012"]
[BlackElo "1987"]
[PlyCount "115"]
[EventDate "2009.08.01"]
[EventType "swiss"]
[EventRounds "9"]
[EventCountry "NOR"]
[SourceTitle "CBM 131 Extra"]
[Source "ChessBase"]
[SourceDate "2009.09.03"]
[SourceVersion "2"]
[SourceVersionDate "2009.09.16"]
[SourceQuality "1"]

1. e4 c5 2. Nf3 g6 3. d4 cxd4 4. Nxd4 Nc6 5. Be3 Nf6 6. Nc3 Bg7 7. Bc4 0-0 8. 0-0 Nxe4 9. Bxf7+ Rxf7 10. Nxe4 d5 11. Ng5 Rf6 12. Nxc6 Rxc6 13. c3 e5 14. Nf3 Be6 15. h3 Qd6 16. Qd2 Rd8 17. Rfd1 Rc4 18. Bh6 Bh8 19. Rac1 b5 20. Qe2 a6 21. Nd2 Rcc8 22. Bg5 Rf8 23. Nb3 b4 24. Bh4 bxc3 25. bxc3 Rf4 26. Bg3 Rfc4 27. Qe3 Qc7 28. Re1 Re4 29. Qd2 Rxe1+ 30. Qxe1 Bf7 31. Qe3 Qe7 32. Re1 Bf6 33. Bxe5 Qxe5 34. Qxe5 Bxe5 35. Rxe5 Rxc3 36. Re2 Kg7 37. Nd4 Rc1+ 38. Kh2 Kf6 39. f4 Rd1 40. Nf3 d4 41. a4 d3 42. Rb2 Kf5 43. Kg3 Bc4 44. Nd2 Bd5 45. a5 h6 46. Nf3 Ke4 47. Rb8 Ke3 48. Re8+ Be4 49. Ne5 Rg1 50. Nf3 Ra1 51. Ne5 Ra4 52. Ng4+ Kd4 53. Nf2 Bf5 54. Kf3 Rxa5 55. g4 Bd7 56. Re4+ Kc3 57. Ke3 Rd5 58. Ra4 0-1

[Event "Gibraltar Masters 7th"]
[Site "Gibraltar"]
[Date "2009.02.04"]
[Round "9"]
[White "Haug, Marianne Wold"]
[Black "Whitehead, David J"]
[Result "1/2-1/2"]
[WhiteElo "1935"]
[BlackElo "2155"]
[PlyCount "65"]
[EventDate "2009.01.27"]
[EventType "swiss"]
[EventRounds "10"]
[EventCountry "ENG"]
[SourceTitle "CBM 128 Extra"]
[Source "ChessBase"]
[SourceDate "2009.03.05"]
[SourceVersion "2"]
[SourceVersionDate "2009.03.25"]
[SourceQuality "1"]

1. e4 c5 2. Nf3 Nc6 3. d4 cxd4 4. Nxd4 Nf6 5. Nc3 e5 6. Ndb5 d6 7. Bg5 a6 8. Na3 Be6 9. Nc4 Rc8 10. Ne3 Be7 11. Be2 0-0 12. Bxf6 Bxf6 13. Ncd5 Bg5 14. 0-0 g6 15. Bg4 Bxe3 16. Nxe3 f5 17. Bh3 Ne7 18. Re1 Qd7 19. Qd3 f4 20. Bxe6+ Qxe6 21. Nd5 Nxd5 22. exd5 Qf5 23. Qxf5 Rxf5 24. Rac1 Rc5 25. c4 a5 26. b3 Rf7 27. Rc2 b5 28. f3 bxc4 29. bxc4 Rb7 30. Kf2 Rb4 31. Rec1 Kf7 32. Ke2 Kf6 33. Kd3 1/2-1/2

[Event "Gibraltar Challengers1"]
[Site "Gibraltar"]
[Date "2009.01.31"]
[Round "5"]
[White "Madland, Kristoffer"]
[Black "Haug, Marianne Wold"]
[Result "0-1"]
[WhiteElo "1992"]
[BlackElo "1935"]
[PlyCount "32"]
[EventDate "2009.01.27"]
[EventType "tourn"]
[EventRounds "5"]
[EventCountry "ENG"]
[SourceTitle "EXT 2010"]
[Source "ChessBase"]
[SourceDate "2010.11.25"]
[SourceVersion "1"]
[SourceVersionDate "2010.11.25"]
[SourceQuality "1"]

1. e4 c5 2. Nf3 g6 3. d4 cxd4 4. Nxd4 Nc6 5. Nc3 Bg7 6. Be3 Nf6 7. Bc4 Qa5 8. 0-0 0-0 9. Bb3 d6 10. f3 Bd7 11. Qd2 Rfe8 12. Rad1 Rac8 13. Nxc6 bxc6 14. Bd4 c5 15. Bxf6 Bxf6 16. Qd3 c4 0-1

[Event "Gibraltar Masters 7th"]
[Site "Gibraltar"]
[Date "2009.01.29"]
[Round "3"]
[White "Haug, Marianne Wold"]
[Black "Bravetti, Antonio"]
[Result "0-1"]
[WhiteElo "1935"]
[BlackElo "2205"]
[PlyCount "58"]
[EventDate "2009.01.27"]
[EventType "swiss"]
[EventRounds "10"]
[EventCountry "ENG"]
[SourceTitle "CBM 128 Extra"]
[Source "ChessBase"]
[SourceDate "2009.03.05"]
[SourceVersion "2"]
[SourceVersionDate "2009.03.25"]
[SourceQuality "1"]

1. e4 c5 2. Nf3 Nc6 3. d4 cxd4 4. Nxd4 e5 5. Nb5 d6 6. N1c3 a6 7. Na3 b5 8. Nd5 Nge7 9. c4 Nd4 10. cxb5 Nxd5 11. exd5 Bd7 12. bxa6 Qa5+ 13. Bd2 Qxd5 14. f3 Be7 15. Bc4 Bh4+ 16. Kf1 Qc6 17. Rc1 d5 18. Bd3 Qb6 19. Be1 Bxe1 20. Qxe1 0-0 21. Qxe5 Nxf3 22. Qxd5 Qxb2 23. Rd1 Nh4 24. Bxh7+ Kxh7 25. Qh5+ Kg8 26. Qxh4 Qxa3 27. Rxd7 Rxa6 28. Qc4 Rf6+ 29. Kg1 Qe3# 0-1

[Event "Gibraltar Challengers1"]
[Site "Gibraltar"]
[Date "2009.01.29"]
[Round "3"]
[White "Haug, Marianne Wold"]
[Black "Machin Arbelo, Pedro Alexis"]
[Result "0-1"]
[WhiteElo "1935"]
[BlackElo "2134"]
[PlyCount "138"]
[EventDate "2009.01.27"]
[EventType "tourn"]
[EventRounds "5"]
[EventCountry "ENG"]
[SourceTitle "EXT 2010"]
[Source "ChessBase"]
[SourceDate "2010.11.25"]
[SourceVersion "1"]
[SourceVersionDate "2010.11.25"]
[SourceQuality "1"]

1. e4 c5 2. Nf3 e6 3. d4 cxd4 4. Nxd4 Nf6 5. Nc3 Bb4 6. e5 Nd5 7. Bd2 Bxc3 8. bxc3 0-0 9. c4 Ne7 10. Bd3 d6 11. exd6 Qxd6 12. Bc3 f5 13. 0-0 a6 14. f4 Nbc6 15. Nxc6 Qxc6 16. Rf3 Nd5 17. Bxg7 Kxg7 18. cxd5 Qxd5 19. Qe1 Bd7 20. Rg3+ Kf7 21. Rd1 Bc6 22. Qe2 Qd4+ 23. Kh1 Qxf4 24. Qh5+ Kf6 25. Rf1 Qd2 26. Qxh7 Ke5 27. Qg7+ Kd6 28. Qd4+ Ke7 29. Rg7+ Rf7 30. Rxf7+ Kxf7 31. Rxf5+ Ke8 32. Rf2 Qe1+ 33. Rf1 Qa5 34. Be4 Rc8 35. Bxc6+ Rxc6 36. Qh8+ Kd7 37. Rd1+ Kc7 38. Qh7+ Kb8 39. Rb1 Rc7 40. Qh8+ Rc8 41. Qh7 Qd5 42. a3 Rc7 43. Qg8+ Ka7 44. Qg6 Qa2 45. Rg1 Rxc2 46. h4 Rc5 47. Qg3 Qd2 48. h5 Qd4 49. Re1 Rc3 50. Qg5 Rc5 51. Qe3 Rxh5+ 52. Kg1 e5 53. Kf2 Kb6 54. Qxd4+ exd4 55. g4 Rg5 56. Kf3 Kc5 57. Kf4 Rg7 58. g5 Rf7+ 59. Kg4 d3 60. g6 Rg7 61. Kf5 Kd4 62. Kf6 d2 63. Rh1 Rc7 64. g7 Rxg7 65. Kxg7 Kc3 66. Kf6 b5 67. Ke5 a5 68. Ke4 Kc2 69. Kd4 b4 0-1

[Event "Gibraltar Masters 7th"]
[Site "Gibraltar"]
[Date "2009.01.27"]
[Round "1"]
[White "Hagen, Anders Gjerdrum"]
[Black "Haug, Marianne Wold"]
[Result "1/2-1/2"]
[WhiteElo "2110"]
[BlackElo "1935"]
[PlyCount "54"]
[EventDate "2009.01.27"]
[EventType "swiss"]
[EventRounds "10"]
[EventCountry "ENG"]
[SourceTitle "CBM 128 Extra"]
[Source "ChessBase"]
[SourceDate "2009.03.05"]
[SourceVersion "2"]
[SourceVersionDate "2009.03.25"]
[SourceQuality "1"]

1. d4 Nf6 2. c4 g6 3. Nc3 Bg7 4. e4 d6 5. f3 0-0 6. Bg5 Nbd7 7. Nh3 e5 8. d5 a5 9. Qd2 Nc5 10. Nf2 c6 11. Be2 Qc7 12. 0-0 Ne8 13. Nd3 Nxd3 14. Qxd3 f5 15. dxc6 bxc6 16. Be3 Be6 17. Rfd1 Rb8 18. b3 Rf7 19. Rac1 Rd7 20. Qd2 Qd8 21. Qe1 Nf6 22. Bg5 h6 23. Bh4 Qb6+ 24. Bf2 Qd8 25. Bh4 Qb6+ 26. Bf2 Qd8 27. Bh4 Qb6+ 1/2-1/2

[Event "Gibraltar Challengers1"]
[Site "Gibraltar"]
[Date "2009.01.27"]
[Round "1"]
[White "Haug, Marianne Wold"]
[Black "Erdelyi, Tamas"]
[Result "1/2-1/2"]
[WhiteElo "1935"]
[BlackElo "2152"]
[PlyCount "102"]
[EventDate "2009.01.27"]
[EventType "tourn"]
[EventRounds "5"]
[EventCountry "ENG"]
[SourceTitle "EXT 2010"]
[Source "ChessBase"]
[SourceDate "2010.11.25"]
[SourceVersion "1"]
[SourceVersionDate "2010.11.25"]
[SourceQuality "1"]

1. e4 c5 2. Nf3 e6 3. d4 cxd4 4. Nxd4 a6 5. Nc3 Qc7 6. Bd3 Bc5 7. Nb3 Be7 8. a4 b6 9. 0-0 d6 10. f4 Bb7 11. Qe2 Nd7 12. Bd2 Ngf6 13. Rae1 e5 14. Nc1 0-0 15. N1a2 Rfe8 16. Kh1 Bf8 17. Nb4 Nc5 18. f5 h6 19. b3 Be7 20. Nbd5 Bxd5 21. Nxd5 Nxd5 22. exd5 Bf6 23. Be4 Rec8 24. Qg4 Kf8 25. Rc1 Qe7 26. Qf3 Bg5 27. Be3 Bxe3 28. Qxe3 Qg5 29. Qe1 Rc7 30. Rb1 Qg4 31. Bd3 Nxd3 32. cxd3 Rc2 33. Rf2 Rac8 34. Rxc2 Rxc2 35. Qe4 Qxe4 36. dxe4 Re2 37. Kg1 Rxe4 38. Rc1 Rd4 39. Rc6 Rxd5 40. Rxb6 a5 41. Kf2 Ke7 42. Ke3 Rc5 43. Ke4 Kd7 44. Rb7+ Rc7 45. Rb5 Rc3 46. Rxa5 Rxb3 47. Ra7+ Kc6 48. Rxf7 Rb4+ 49. Kf3 Rxa4 50. g4 h5 51. Rxg7 Rf4+ 1/2-1/2

[Event "Gjovik op"]
[Site "Gjovik"]
[Date "2009.01.02"]
[Round "5"]
[White "Haug, Marianne Wold"]
[Black "Getz, Nicolai"]
[Result "0-1"]
[WhiteElo "1940"]
[BlackElo "2176"]
[PlyCount "92"]
[EventDate "2008.12.29"]
[EventType "swiss"]
[EventRounds "9"]
[EventCountry "NOR"]
[SourceTitle "CBM 130 Extra"]
[Source "ChessBase"]
[SourceDate "2009.07.02"]
[SourceVersion "2"]
[SourceVersionDate "2009.07.15"]
[SourceQuality "1"]

1. e4 c5 2. Nf3 e6 3. d4 cxd4 4. Nxd4 Nc6 5. Nc3 Qc7 6. Be2 Nf6 7. 0-0 a6 8. Kh1 Bb4 9. Qd3 Bxc3 10. bxc3 Qe5 11. Bf3 0-0 12. g3 Qa5 13. Nb3 Qb6 14. Ba3 Ne5 15. Qe2 d6 16. Bg2 Qc7 17. Rfd1 Rd8 18. Rd4 Nc6 19. Rd3 Ne5 20. Rd4 d5 21. Rad1 Bd7 22. exd5 exd5 23. Be7 Nc6 24. Bxd8 Nxd4 25. Bxc7 Nxe2 26. Rd3 Bb5 27. Rf3 Ne4 28. Be5 Re8 29. Bd4 Rc8 30. h4 N2xc3 31. Bh3 Rc4 32. Bxc3 Nxc3 33. Bf1 Rc8 34. Bxb5 Nxb5 35. Rd3 Rxc2 36. Rxd5 g6 37. Rd2 Rxd2 38. Nxd2 Nc3 39. a3 Nb5 40. Nc4 Kf8 41. Kg2 Nd4 42. g4 b5 43. Ne3 a5 44. Kg3 a4 45. Kf4 b4 46. Ke4 Nc2 0-1

[Event "Arctic Chess Challenge"]
[Site "Tromsoe"]
[Date "2008.08.08"]
[Round "7"]
[White "Skage, Oystein Aagedal"]
[Black "Haug, Marianne Wold"]
[Result "0-1"]
[WhiteElo "1973"]
[BlackElo "1881"]
[PlyCount "29"]
[EventDate "2008.08.02"]
[EventType "swiss"]
[EventRounds "9"]
[EventCountry "NOR"]
[SourceTitle "CBM 125 Extra"]
[Source "ChessBase"]
[SourceDate "2008.09.01"]
[SourceVersion "1"]
[SourceVersionDate "2008.09.01"]
[SourceQuality "1"]

1. e4 c5 2. Nf3 g6 3. d4 cxd4 4. Nxd4 Nc6 5. Nc3 Bg7 6. Be3 Nf6 7. Bc4 0-0 8. Bb3 e6 9. Qe2 Nxe4 10. Nxe4 Nxd4 11. Bxd4 Bxd4 12. 0-0-0 Bg7 13. Nd6 a5 14. a3 Qb6 15. c3 0-1